000 00254nam a2200097Ia 4500
008 200302s9999 xx 000 0 und d
100 _aHu Yanli He Jiaxin
245 _aDesigning Architecture
260 _bDalian University of Technology Press
300 _a295
999 _c3756
_d3756